Normal view
MARC view
- MATHEMATICAL METHODS IN AERODYNAMICS
Entry Topical Term
001 - CONTROL NUMBER
- control field: 65000
003 - CONTROL NUMBER IDENTIFIER
- control field: NUST
005 - DATE AND TIME OF LATEST TRANSACTION
- control field: 20210628203350.0
008 - FIXED-LENGTH DATA ELEMENTS
- fixed length control field: 210628|| aca||aabn | a|a d
040 ## - CATALOGING SOURCE
- Original cataloging agency: NUST
- Transcribing agency: NUST
150 ## - HEADING--TOPICAL TERM
- Topical term or geographic name entry element: MATHEMATICAL METHODS IN AERODYNAMICS
670 ## - SOURCE DATA FOUND
- Source citation: Work cat.: (NUST): Dragos, Lazar 64999, Mathematical methods in aerodynamics, 2003
